Export Destinations by Product (U.S.) - Statistics

General Stats
  • This quiz has been taken 85 times
  • The average score is 70 of 78
Answer Stats
Product Value Countries % Correct
Cars $6.89B China
100%
Crude oil $5.85B China
100%
Soybeans $14.3B China
100%
Aircraft vehicles $2.20B China
100%
Corn $5.13B China
100%
Platinum $2.51B China
100%
Computers $913M China
100%
Petroleum gas $6.33B China
100%
Gas turbines $2.19B China
100%
Wheat $801M China
100%
Beauty products $704M China
100%
Poultry meat $908M China
100%
Cars $13.8B Canada
99%
Crude oil $7.36B Canada
99%
Aircraft vehicles $1.38B Canada
99%
Platinum $943M Canada
99%
Computers $3.01B Canada
99%
Packaged medication $3.73B Canada
99%
Refined oil $10.1B Canada
99%
Beauty products $1.05B Canada
99%
Poultry meat $264M Canada
99%
Cars $2.75B Mexico
97%
Soybeans $2.67B Mexico
97%
Corn $4.53B Mexico
97%
Computers $1.21B Mexico
97%
Petroleum gas $14.0B Mexico
97%
Wheat $1.29B Mexico
97%
Refined oil $25.9B Mexico
97%
Scrap iron $1.05B Mexico
97%
Poultry meat $1.15B Mexico
97%
Gold $8.55B United Kingdom
97%
Packaged medication $2.69B United Kingdom
97%
Gas turbines $3.48B United Kingdom
97%
Beauty products $391M United Kingdom
97%
Gas turbines $2.38B France
96%
Petroleum gas $3.68B Brazil
94%
Refined oil $7.58B Brazil
94%
Cars $6.64B Germany
94%
Aircraft vehicles $2.47B Germany
94%
Platinum $1.29B Germany
94%
Packaged medication $2.48B Germany
94%
Gas turbines $2.65B Germany
94%
Soybeans $1.42B Japan
94%
Corn $3.11B Japan
94%
Packaged medication $3.14B Japan
94%
Petroleum gas $8.76B Japan
94%
Wheat $736M Japan
94%
Crude oil $9.68B India
93%
Gold $1.28B India
93%
Platinum $1.57B Italy
91%
Cars $3.26B South Korea
91%
Crude oil $8.05B South Korea
91%
Corn $809M South Korea
91%
Petroleum gas $6.61B South Korea
91%
Wheat $520M South Korea
91%
Soybeans $1.13B Indonesia
89%
Packaged medication $2.58B Spain
89%
Beauty products $290M Australia
87%
Corn $1.15B Colombia
86%
Scrap iron $1.58B Turkey
83%
Aircraft vehicles $1.63B Saudi Arabia
81%
Crude oil $6.46B Netherlands
80%
Computers $1.07B Netherlands
80%
Soybeans $1.43B Egypt
79%
Scrap iron $590M Taiwan
77%
Aircraft vehicles $6.54B Ireland
74%
Scrap iron $625M Vietnam
73%
Refined oil $4.18B Chile
71%
Computers $925M United Arab Emirates
71%
Wheat $891M Philippines
69%
Gold $9.35B Switzerland
66%
Platinum $914M Switzerland
66%
Refined oil $3.21B Peru
64%
Gold $952M Singapore
61%
Gas turbines $2.85B Singapore
61%
Poultry meat $279M Cuba
50%
Scrap iron $593M Bangladesh
46%
Poultry meat $166M Guatemala
41%
No matching quizzes found
Score Distribution
Percent of People with Each Score
Percentile by Number Answered
Your Score History
You have not taken this quiz